Giáo trình đại số tuyến tính và hình học giải tích T.1 : (Dùng cho sinh viên các ngành Toán học, Cơ học, Toán tin ứng dụng) /

Tallennettuna:
Bibliografiset tiedot
Päätekijä: Trần Trọng Huệ
Aineistotyyppi: Kirja
Kieli:Vietnamese
Julkaistu: ĐHQG.HN 2004
Tagit: Lisää tagi
Ei tageja, Lisää ensimmäinen tagi!
Thư viện lưu trữ: Mạng thư viện Đại học Đà Nẵng
LEADER 00746nam a2200265 4500
001 000028345
003 TR-H04
005 20150403120000.0
008 150403s vm 000 vie
020 |c 0,0000 
040 |a notts 
100 |a Trần Trọng Huệ 
245 |a Giáo trình đại số tuyến tính và hình học giải tích T.1 : (Dùng cho sinh viên các ngành Toán học, Cơ học, Toán tin ứng dụng) /  |c Trần Trọng Huệ. 
260 |b ĐHQG.HN  |c 2004 
OWN |a LTT 
999 |a From the UDN01 
TYP |a Monograph 
TYP |a Printed language 
980 |a Mạng thư viện Đại học Đà Nẵng